000
00201 a2200097 4500
001
8652
090
_c
6971
_d
6971
100
_a
Anthony R.
245
_a
Total Self Confidence
260
_b
Barkley
_c
1984
942
_a
NUST-CAE
_k
158.1 ANT
999
_c
243725
_d
243725